[Event "Sharjah op blitz"]
[Site "Sharjah"]
[Date "2014.07.09"]
[Round "7"]
[White "Adarsh, Saji"]
[Black "Saud, Mohamed"]
[Result "0-1"]
[WhiteElo "1709"]
[BlackElo "1967"]
[PlyCount "64"]
[EventDate "2014.07.09"]
[EventType "swiss (blitz)"]
[EventRounds "9"]
[EventCountry "UAE"]
[SourceTitle "EXT 2016"]
[Source "ChessBase"]
[SourceDate "2015.10.08"]
[SourceVersion "1"]
[SourceVersionDate "2015.10.08"]
[SourceQuality "1"]

1. d4 c5 2. d5 e6 3. c4 exd5 4. cxd5 g6 5. Nc3 Bg7 6. e4 d6 7. Nf3 Nf6 8. h3 0-0 9. Bd3 b5 10. Bxb5 Nxe4 11. Nxe4 Qa5+ 12. Nfd2 Qxb5 13. Nxd6 Qa6 14. N2c4 Nd7 15. 0-0 Nb6 16. Nxb6 axb6 17. Nxc8 Raxc8 18. Qc2 Rfd8 19. Rd1 Qb7 20. d6 Be5 21. Be3 Rxd6 22. Rxd6 Bxd6 23. Rd1 Be5 24. b3 Ra8 25. a4 Qe7 26. Qc4 Rd8 27. Rxd8+ Qxd8 28. g3 h5 29. h4 Qd1+ 30. Kg2 Kg7 31. Bg5 Bd4 32. Qc2 Qxc2 0-1

[Event "UAE-ch"]
[Site "Abu Dhabi"]
[Date "2011.06.30"]
[Round "7"]
[White "Saud, Mohamed"]
[Black "Saeed, Ishaq"]
[Result "1/2-1/2"]
[WhiteElo "2087"]
[BlackElo "2224"]
[PlyCount "60"]
[EventDate "2011.06.25"]
[EventType "swiss"]
[EventRounds "9"]
[EventCountry "UAE"]
[SourceTitle "CBM 143 Extra"]
[Source "ChessBase"]
[SourceDate "2011.08.29"]
[SourceVersion "1"]
[SourceVersionDate "2011.08.29"]
[SourceQuality "1"]

1. d4 d5 2. Nf3 Nf6 3. c4 c6 4. e3 e6 5. b3 Nbd7 6. Bd3 Bd6 7. Bb2 0-0 8. 0-0 b6 9. Nbd2 Bb7 10. Ne5 c5 11. cxd5 exd5 12. f4 cxd4 13. exd4 Ne4 14. Rf3 Ndf6 15. Rh3 Bc8 16. Re3 Nxd2 17. Qxd2 Ne4 18. Qe2 g6 19. Rf1 f6 20. Nc4 Bc7 21. Nd2 f5 22. g3 Bd7 23. Nf3 Bd6 24. Ne5 Be8 25. Ba6 Qe7 26. Rc1 Rd8 27. Bb5 Qe6 28. Bd3 Qe7 29. Bb5 Qe6 30. Bd3 Qe7 1/2-1/2

[Event "UAE-ch"]
[Site "Abu Dhabi"]
[Date "2011.06.27"]
[Round "3"]
[White "Saud, Mohamed"]
[Black "Saleh, Naif"]
[Result "0-1"]
[WhiteElo "2087"]
[BlackElo "1826"]
[PlyCount "72"]
[EventDate "2011.06.25"]
[EventType "swiss"]
[EventRounds "9"]
[EventCountry "UAE"]
[SourceTitle "CBM 143 Extra"]
[Source "ChessBase"]
[SourceDate "2011.08.29"]
[SourceVersion "1"]
[SourceVersionDate "2011.08.29"]
[SourceQuality "1"]

1. d4 d5 2. c4 e6 3. Nf3 Nf6 4. Nc3 Nbd7 5. Bf4 Be7 6. e3 0-0 7. Bd3 c6 8. 0-0 dxc4 9. Bxc4 b5 10. Bd3 a6 11. Qe2 c5 12. Rfd1 cxd4 13. exd4 Bb7 14. Ne5 Rc8 15. Bg3 Qb6 16. Nxd7 Nxd7 17. a4 b4 18. a5 Qa7 19. Na4 Bd8 20. Bd6 Re8 21. Bxb4 Bxg2 22. Kxg2 Qb7+ 23. Qe4 Qxb4 24. Qxh7+ Kf8 25. Bxa6 Nf6 26. Qd3 Ra8 27. Bb5 Rxa5 28. Nc3 Nd5 29. Qc4 Qxb2 30. Qc6 Rxb5 31. Nxb5 Bh4 32. Rf1 Qe2 33. Qd6+ Kg8 34. Rae1 Qg4+ 35. Kh1 Qf3+ 36. Kg1 Nf4 0-1

[Event "Asia Cities-ch 17th"]
[Site "Jakarta"]
[Date "2011.04.28"]
[Round "9.5"]
[White "Saud, Mohamed"]
[Black "Kasmiran"]
[Result "0-1"]
[WhiteElo "2087"]
[BlackElo "2346"]
[PlyCount "68"]
[EventDate "2011.04.22"]
[EventType "team-swiss"]
[EventRounds "9"]
[EventCountry "INA"]
[SourceTitle "CBM 142 Extra"]
[Source "ChessBase"]
[SourceDate "2011.06.27"]
[SourceVersion "1"]
[SourceVersionDate "2011.06.27"]
[SourceQuality "1"]
[WhiteTeam "Sharjah"]
[BlackTeam "Palembang"]
[WhiteTeamCountry "UAE"]
[BlackTeamCountry "INA"]

1. d4 c5 2. e3 Nf6 3. Nf3 g6 4. Be2 Bg7 5. 0-0 0-0 6. b3 d5 7. Bb2 Ne4 8. Nbd2 Nc6 9. c4 cxd4 10. exd4 Bf5 11. Nxe4 dxe4 12. Ne5 Nxe5 13. dxe5 Qc7 14. f4 exf3 15. Bxf3 Rad8 16. Qe1 b5 17. cxb5 Bd3 18. Rf2 Bxb5 19. Kh1 Qb6 20. Rd2 Rxd2 21. Qxd2 Rd8 22. Qb4 Qf2 23. Bc3 Qc2 24. Re1 e6 25. Qxb5 Qxc3 26. Rf1 Bxe5 27. Be2 Qd4 28. Qb7 Rd7 29. Qa8+ Kg7 30. Qf3 Bc7 31. a4 Qe5 32. g3 f5 33. Bc4 Rd2 34. Qc6 Rxh2+ 0-1

[Event "Asia Cities-ch 17th"]
[Site "Jakarta"]
[Date "2011.04.23"]
[Round "3.9"]
[White "Suhail, Abdurahim"]
[Black "Saud, Mohamed"]
[Result "1/2-1/2"]
[WhiteElo "2242"]
[BlackElo "2087"]
[PlyCount "82"]
[EventDate "2011.04.22"]
[EventType "team-swiss"]
[EventRounds "9"]
[EventCountry "INA"]
[SourceTitle "CBM 142 Extra"]
[Source "ChessBase"]
[SourceDate "2011.06.27"]
[SourceVersion "1"]
[SourceVersionDate "2011.06.27"]
[SourceQuality "1"]
[WhiteTeam "Dubai"]
[BlackTeam "Sharjah"]
[WhiteTeamCountry "UAE"]
[BlackTeamCountry "UAE"]

1. Nc3 d5 2. e4 c6 3. Nf3 d4 4. Ne2 c5 5. Ng3 Nf6 6. Bc4 e6 7. d3 Nc6 8. a3 Be7 9. 0-0 0-0 10. h3 a6 11. Qe2 b5 12. Ba2 Bb7 13. Nh2 Rb8 14. f4 Qc7 15. e5 Nd5 16. Ng4 c4 17. f5 Bh4 18. f6 Nxf6 19. exf6 Bxg3 20. fxg7 Kxg7 21. Bh6+ Kh8 22. Bxf8 Rxf8 23. Nf6 Qe5 24. Qxe5 Nxe5 25. dxc4 bxc4 26. Rad1 Rd8 27. Ng4 d3 28. Nxe5 Bxe5 29. cxd3 cxd3 30. Rxf7 Be4 31. Bxe6 Bxb2 32. Bf5 Bxf5 33. Rxf5 Bxa3 34. Ra5 Bb4 35. Rxa6 d2 36. Re6 Rf8 37. Re2 Rf5 38. Rdxd2 Bxd2 39. Rxd2 Kg7 40. Rd6 h6 41. h4 h5 1/2-1/2

[Event "Asia Cities-ch 17th"]
[Site "Jakarta"]
[Date "2011.04.22"]
[Round "1.5"]
[White "Saud, Mohamed"]
[Black "Novita, Anjas"]
[Result "1-0"]
[WhiteElo "2087"]
[BlackElo "2344"]
[PlyCount "95"]
[EventDate "2011.04.22"]
[EventType "team-swiss"]
[EventRounds "9"]
[EventCountry "INA"]
[SourceTitle "CBM 142 Extra"]
[Source "ChessBase"]
[SourceDate "2011.06.27"]
[SourceVersion "1"]
[SourceVersionDate "2011.06.27"]
[SourceQuality "1"]
[WhiteTeam "Sharjah"]
[BlackTeam "Jakarta"]
[WhiteTeamCountry "UAE"]
[BlackTeamCountry "INA"]

1. d4 Nf6 2. Nf3 b6 3. g3 Bb7 4. Bg2 e6 5. c4 Bb4+ 6. Nbd2 0-0 7. 0-0 Bxd2 8. Bxd2 d6 9. a4 a5 10. b4 axb4 11. Bxb4 Be4 12. Bc3 Nc6 13. e3 Na5 14. Nd2 Bxg2 15. Kxg2 Qd7 16. Qf3 Ra7 17. Rfd1 Rfa8 18. e4 Ne8 19. c5 bxc5 20. dxc5 Nb7 21. cxd6 cxd6 22. e5 d5 23. a5 Nxa5 24. Bd4 Ra6 25. Qd3 Qc6 26. Rdb1 g6 27. h4 h5 28. Nf3 Ng7 29. Rb5 Nf5 30. Rab1 Kg7 31. Qd2 Qd7 32. Bc5 Nc4 33. Qf4 Rc8 34. Nd4 Qc7 35. Nxf5+ exf5 36. Bd4 Re6 37. Rb7 Qc6 38. R1b4 Ra8 39. g4 hxg4 40. h5 Qe8 41. Rc7 Na5 42. hxg6 Kxg6 43. Be3 Kg7 44. Qxf5 Raa6 45. Rf4 Re7 46. Rxg4+ Kf8 47. Bc5 Rae6 48. Qg5 1-0

[Event "Dubai op 13th"]
[Site "Dubai"]
[Date "2011.04.10"]
[Round "1"]
[White "Saud, Mohamed"]
[Black "Guliev, Sarhan"]
[Result "0-1"]
[WhiteElo "2087"]
[BlackElo "2497"]
[PlyCount "74"]
[EventDate "2011.04.10"]
[EventType "swiss"]
[EventRounds "9"]
[EventCountry "UAE"]
[SourceTitle "CBM 141 Extra"]
[Source "ChessBase"]
[SourceDate "2011.05.03"]
[SourceVersion "1"]
[SourceVersionDate "2011.05.03"]
[SourceQuality "1"]

1. d4 Nf6 2. Nf3 e6 3. g3 c5 4. Bg2 Nc6 5. 0-0 d5 6. b3 Be7 7. Bb2 0-0 8. Nbd2 b6 9. c4 Bb7 10. e3 Rc8 11. Ne5 cxd4 12. exd4 Rc7 13. Rc1 dxc4 14. Ndxc4 b5 15. Nxc6 Bxc6 16. Bxc6 Rxc6 17. Ne5 Ra6 18. Qe2 Rxa2 19. Nc6 Qd7 20. Nxe7+ Qxe7 21. Ra1 Rxa1 22. Rxa1 Qb7 23. d5 Nxd5 24. Qe5 Nf6 25. Qc5 a6 26. Bxf6 gxf6 27. Qd4 Qf3 28. Rxa6 Rc8 29. Ra1 Rc2 30. Re1 Kg7 31. h4 h5 32. Qe3 Rc3 33. Qxf3 Rxf3 34. Re3 Rxe3 35. fxe3 f5 36. Kf2 Kf6 37. b4 Ke5 0-1

[Event "UAE President Cup"]
[Site "Abu Dhabi"]
[Date "2010.06.27"]
[Round "7"]
[White "Saud, Mohamed"]
[Black "Omar, Noaman"]
[Result "0-1"]
[WhiteElo "2102"]
[BlackElo "2124"]
[PlyCount "80"]
[EventDate "2010.06.21"]
[EventType "swiss"]
[EventRounds "9"]
[EventCountry "UAE"]
[SourceTitle "EXT 2012"]
[Source "ChessBase"]
[SourceDate "2011.11.24"]
[SourceVersion "1"]
[SourceVersionDate "2011.11.24"]
[SourceQuality "1"]

1. d4 Nf6 2. Bg5 Ne4 3. Bh4 d5 4. f3 Nf6 5. Nd2 c5 6. e3 cxd4 7. exd4 Nc6 8. c3 Bf5 9. Qb3 Qd7 10. Ne2 e6 11. Nc1 Bd6 12. Bd3 Bg6 13. 0-0 Qc7 14. h3 Nh5 15. Re1 Bh2+ 16. Kh1 Bg3 17. Bxg3 Qxg3 18. Ne2 Qc7 19. c4 Bxd3 20. Qxd3 0-0 21. Rac1 dxc4 22. Nxc4 Rfd8 23. Qe3 Rac8 24. Ne5 Qb6 25. Ng4 Rd5 26. b3 Rcd8 27. Rc5 Nxd4 28. Rxd5 Rxd5 29. Nxd4 Qxd4 30. Rc1 h6 31. Rc8+ Kh7 32. Qxd4 Rxd4 33. Rc7 Rd1+ 34. Kh2 f5 35. Ne3 Re1 36. Nc2 Rc1 37. h4 f4 38. Rc4 b5 39. Rc6 Ng3 40. Kh3 h5 0-1

[Event "UAE President Cup"]
[Site "Abu Dhabi"]
[Date "2010.06.22"]
[Round "2"]
[White "Salem, AR Saleh"]
[Black "Saud, Mohamed"]
[Result "1-0"]
[WhiteElo "2494"]
[BlackElo "2102"]
[PlyCount "41"]
[EventDate "2010.06.21"]
[EventType "swiss"]
[EventRounds "9"]
[EventCountry "UAE"]
[SourceTitle "EXT 2012"]
[Source "ChessBase"]
[SourceDate "2011.11.24"]
[SourceVersion "1"]
[SourceVersionDate "2011.11.24"]
[SourceQuality "1"]

1. d4 c5 2. d5 e6 3. c4 Nf6 4. Nc3 d6 5. e4 Be7 6. h3 0-0 7. Nf3 exd5 8. cxd5 Na6 9. Bd3 Nc7 10. a3 b5 11. b4 Nd7 12. Be3 Bf6 13. Rc1 a5 14. bxc5 Nxc5 15. Bxc5 dxc5 16. Nxb5 Nxb5 17. Bxb5 Bb2 18. Rc2 Bxa3 19. 0-0 Ba6 20. Bxa6 Rxa6 21. Qd3 1-0

[Event "Dubai op 12th"]
[Site "Dubai"]
[Date "2010.04.05"]
[Round "1"]
[White "Saud, Mohamed"]
[Black "Lopez Martinez, Josep Manuel"]
[Result "0-1"]
[WhiteElo "2102"]
[BlackElo "2548"]
[PlyCount "71"]
[EventDate "2010.04.05"]
[EventType "swiss"]
[EventRounds "9"]
[EventCountry "UAE"]
[SourceTitle "CBM 135 Extra"]
[Source "ChessBase"]
[SourceDate "2010.05.04"]
[SourceVersion "1"]
[SourceVersionDate "2010.05.04"]
[SourceQuality "1"]

1. d4 Nf6 2. Nf3 g6 3. c4 Bg7 4. Nc3 0-0 5. Bf4 d6 6. e3 c6 7. h3 a6 8. Be2 b5 9. a3 Nbd7 10. 0-0 bxc4 11. Bxc4 c5 12. Rc1 Bb7 13. Ng5 Rb8 14. Na4 cxd4 15. exd4 Bd5 16. Qe2 Qa5 17. b3 Bxc4 18. Qxc4 Nd5 19. b4 Qb5 20. Bd2 N7b6 21. Nxb6 Nxb6 22. Qc7 Rfe8 23. Nf3 Rbc8 24. Qa7 Nc4 25. Bg5 e6 26. Rc3 h6 27. Bh4 Nd2 28. Nxd2 Rxc3 29. Ne4 Rc6 30. Qd7 Rb6 31. Qc7 Qc6 32. Qxc6 Rxc6 33. Bg3 d5 34. Nd6 Re7 35. Rd1 Rd7 36. Ne8 0-1

[Event "Dubai op 11th"]
[Site "Dubai"]
[Date "2009.05.02"]
[Round "7"]
[White "Khademalsharieh, Sarasadat"]
[Black "Saud, Mohamed"]
[Result "0-1"]
[WhiteElo "1806"]
[BlackElo "2135"]
[PlyCount "88"]
[EventDate "2009.04.26"]
[EventType "swiss"]
[EventRounds "9"]
[EventCountry "UAE"]
[SourceTitle "CBM 130 Extra"]
[Source "ChessBase"]
[SourceDate "2009.07.02"]
[SourceVersion "2"]
[SourceVersionDate "2009.07.15"]
[SourceQuality "1"]

1. d4 c5 2. d5 e6 3. c4 exd5 4. cxd5 d6 5. e4 Nf6 6. Nc3 g6 7. Nf3 Bg7 8. Bd3 0-0 9. 0-0 a6 10. a4 Qc7 11. Bf4 Nh5 12. Be3 Bg4 13. h3 Bxf3 14. Qxf3 Nd7 15. Rfe1 Ne5 16. Qe2 Nxd3 17. Qxd3 Rfe8 18. a5 Nf6 19. Bf4 Nd7 20. Qd2 Ne5 21. Bxe5 Bxe5 22. Na4 Rad8 23. Rac1 Qe7 24. b4 Qh4 25. Rc4 cxb4 26. Rxb4 Rd7 27. Reb1 Ree7 28. Rc4 Rc7 29. Qc2 Rxc4 30. Qxc4 Qf4 31. g3 Qd2 32. Qb4 Qc2 33. Re1 Rc7 34. Qb6 Qd2 35. Rf1 Rc4 36. Qd8+ Kg7 37. Nb6 Qxa5 38. Rb1 Rxe4 39. Kg2 Re2 40. Qc8 Rxf2+ 41. Kxf2 Qa2+ 42. Ke3 Qxb1 43. Nd7 Qe1+ 44. Kf3 Qc3+ 0-1

[Event "Dubai op 10th"]
[Site "Dubai"]
[Date "2008.04.06"]
[Round "1"]
[White "Ibrahimov, Rasul"]
[Black "Saud, Mohamed"]
[Result "1-0"]
[WhiteElo "2535"]
[BlackElo "2158"]
[PlyCount "63"]
[EventDate "2008.04.06"]
[EventType "swiss"]
[EventRounds "9"]
[EventCountry "UAE"]
[SourceTitle "CBM 123 Extra"]
[Source "ChessBase"]
[SourceDate "2008.05.06"]
[SourceVersion "1"]
[SourceVersionDate "2008.05.06"]
[SourceQuality "1"]

1. Nf3 Nf6 2. c4 c5 3. Nc3 g6 4. d4 Bg7 5. e4 d6 6. Be2 0-0 7. 0-0 Na6 8. Be3 Ng4 9. Bc1 Nf6 10. d5 Nc7 11. Bf4 a6 12. h3 b5 13. e5 Nh5 14. Bh2 Bh6 15. Re1 Nf4 16. Bf1 Rb8 17. b3 bxc4 18. bxc4 Bd7 19. Re4 g5 20. exd6 exd6 21. Nxg5 f5 22. Rxf4 Bxg5 23. Rf3 Qe7 24. Bf4 Bxf4 25. Rxf4 Qe5 26. Qd2 Rfe8 27. Rf3 Kh8 28. Rd1 Rb4 29. Qh6 Rb6 30. Rg3 a5 31. Re1 Qxg3 32. fxg3 1-0

[Event "Olympiad-37"]
[Site "Turin"]
[Date "2006.05.29"]
[Round "8"]
[White "Saud, Mohamed"]
[Black "Matthews, Shane"]
[Result "1-0"]
[WhiteElo "2154"]
[BlackElo "2223"]
[PlyCount "75"]
[EventDate "2006.05.21"]
[EventType "team-swiss"]
[EventRounds "13"]
[EventCountry "ITA"]
[SourceTitle "CBM 113"]
[Source "ChessBase"]
[SourceDate "2006.07.31"]
[SourceVersion "1"]
[SourceVersionDate "2006.07.31"]
[SourceQuality "1"]
[WhiteTeam "United Arab Emirates"]
[BlackTeam "Jamaica"]
[WhiteTeamCountry "UAE"]
[BlackTeamCountry "JAM"]

1. d4 Nf6 2. Nf3 g6 3. c4 Bg7 4. Nc3 d6 5. Bf4 0-0 6. e3 Nbd7 7. h3 c6 8. Be2 Qe8 9. 0-0 h6 10. Bh2 Nh7 11. b4 f5 12. Rb1 g5 13. c5 d5 14. b5 g4 15. hxg4 fxg4 16. Nh4 Qh5 17. Bg3 Nxc5 18. Nxd5 cxd5 19. dxc5 Bf6 20. Rb4 d4 21. Rxd4 Bxd4 22. Qxd4 Nf6 23. Bc4+ Kg7 24. e4 Qg5 25. Re1 b6 26. e5 Nh5 27. e6+ Nf6 28. Re5 Qc1+ 29. Kh2 Bb7 30. c6 Rad8 31. Bd5 Bc8 32. Nf5+ Kh7 33. Nxe7 Qc2 34. Nxc8 Rxc8 35. e7 Rfe8 36. Bf7 Kg7 37. Bxe8 Rxe8 38. Re6 1-0

[Event "Olympiad-37"]
[Site "Turin"]
[Date "2006.05.27"]
[Round "6"]
[White "Saud, Mohamed"]
[Black "Juarez Flores, Carlos Armando"]
[Result "0-1"]
[WhiteElo "2154"]
[BlackElo "2381"]
[PlyCount "120"]
[EventDate "2006.05.21"]
[EventType "team-swiss"]
[EventRounds "13"]
[EventCountry "ITA"]
[SourceTitle "CBM 113"]
[Source "ChessBase"]
[SourceDate "2006.07.31"]
[SourceVersion "1"]
[SourceVersionDate "2006.07.31"]
[SourceQuality "1"]
[WhiteTeam "United Arab Emirates"]
[BlackTeam "Guatemala"]
[WhiteTeamCountry "UAE"]
[BlackTeamCountry "GUA"]

1. d4 d5 2. c4 e6 3. Nf3 c6 4. g3 f5 5. Bg2 Nf6 6. 0-0 Bd6 7. Bf4 Bxf4 8. gxf4 0-0 9. Nc3 Ne4 10. Qc2 Nd7 11. c5 b6 12. b4 Ba6 13. Rfe1 bxc5 14. dxc5 Qb8 15. e3 Qxb4 16. Nxe4 fxe4 17. Nd4 Qxc5 18. Qxc5 Nxc5 19. Rec1 Bc4 20. Nxc6 Kh8 21. Na5 Nd3 22. Rc3 Bb5 23. a4 Be8 24. Bf1 Bg6 25. Nc6 Rac8 26. Raa3 Be8 27. Nxa7 Rxc3 28. Rxc3 Bxa4 29. Bh3 e5 30. fxe5 Nxe5 31. Rc8 Rxc8 32. Nxc8 Bd7 33. Bxd7 Nxd7 34. Ne7 Nf6 35. Kg2 g6 36. f3 Kg7 37. fxe4 dxe4 38. Kg3 Kf7 39. Nc6 Nd5 40. Ne5+ Kf6 41. Nc4 h5 42. h4 Ke6 43. Kf2 Ne7 44. Kg3 Nf5+ 45. Kf4 Nxh4 46. Kxe4 g5 47. Nd2 Ng6 48. Kf3 g4+ 49. Kg3 Kf5 50. Nf1 h4+ 51. Kg2 Ne5 52. Nh2 g3 53. Kh3 gxh2 54. Kxh2 Kg4 55. Kg2 h3+ 56. Kh2 Kh4 57. e4 Kg4 58. Kh1 Kg3 59. Kg1 h2+ 60. Kh1 Ng4 0-1

[Event "Olympiad-37"]
[Site "Turin"]
[Date "2006.05.25"]
[Round "5"]
[White "Adianto, Utut"]
[Black "Saud, Mohamed"]
[Result "1-0"]
[WhiteElo "2589"]
[BlackElo "2154"]
[PlyCount "56"]
[EventDate "2006.05.21"]
[EventType "team-swiss"]
[EventRounds "13"]
[EventCountry "ITA"]
[SourceTitle "CBM 113"]
[Source "ChessBase"]
[SourceDate "2006.07.31"]
[SourceVersion "1"]
[SourceVersionDate "2006.07.31"]
[SourceQuality "1"]
[WhiteTeam "Indonesia"]
[BlackTeam "United Arab Emirates"]
[WhiteTeamCountry "INA"]
[BlackTeamCountry "UAE"]

1. d4 Nf6 2. c4 c5 3. e3 cxd4 4. exd4 d5 5. Nc3 g6 6. Qb3 Bg7 7. cxd5 0-0 8. Nge2 Nbd7 9. g3 Nb6 10. Bg2 Bg4 11. Nf4 a5 12. a4 Qd6 13. Nd3 e6 14. Bf4 Qd8 15. d6 Nh5 16. Be3 Qxd6 17. Ne5 Qb4 18. Qxb4 axb4 19. Nxg4 bxc3 20. bxc3 Rxa4 21. Rxa4 Nxa4 22. Kd2 b5 23. Ne5 Nb6 24. Nc6 Nc4+ 25. Kd3 f5 26. Rb1 Nd6 27. Bc1 Kf7 28. Ba3 Ne4 1-0

[Event "Olympiad-37"]
[Site "Turin"]
[Date "2006.05.23"]
[Round "3"]
[White "Kortschnoj, Viktor Lvovich"]
[Black "Saud, Mohamed"]
[Result "1-0"]
[WhiteElo "2607"]
[BlackElo "2154"]
[PlyCount "94"]
[EventDate "2006.05.21"]
[EventType "team-swiss"]
[EventRounds "13"]
[EventCountry "ITA"]
[SourceTitle "CBM 113"]
[Source "ChessBase"]
[SourceDate "2006.07.31"]
[SourceVersion "1"]
[SourceVersionDate "2006.07.31"]
[SourceQuality "1"]
[WhiteTeam "Switzerland"]
[BlackTeam "United Arab Emirates"]
[WhiteTeamCountry "SUI"]
[BlackTeamCountry "UAE"]

1. d4 Nf6 2. c4 c5 3. d5 d6 4. Nc3 g6 5. e4 Bg7 6. Nge2 0-0 7. Ng3 e5 8. Be2 Na6 9. Bg5 h6 10. Be3 Nc7 11. Qd2 Kh7 12. h4 Ng4 13. Bxg4 Bxg4 14. h5 g5 15. a3 Rb8 16. b4 b6 17. Qc2 a6 18. Rb1 Qe7 19. Nf5 Bxf5 20. exf5 f6 21. bxc5 bxc5 22. Ke2 Qd7 23. g4 Na8 24. Qa4 Qxa4 25. Nxa4 Rfc8 26. Kd3 Kg8 27. Ke4 Bf8 28. Bd2 Be7 29. Ba5 Kf7 30. Kd3 Ke8 31. Nc3 Bd8 32. Bxd8 Kxd8 33. Ne4 Ke7 34. Nd2 Kd7 35. Rhe1 Ke7 36. Nb3 Kd7 37. Na5 Rb6 38. Nc6 Rc7 39. Rxb6 Nxb6 40. Rb1 Rxc6 41. dxc6+ Kxc6 42. a4 Nxa4 43. Rb8 a5 44. Rh8 Nb2+ 45. Kc2 Nxc4 46. Rxh6 a4 47. Rxf6 a3 1-0

[Event "Dubai op 08th"]
[Site "Dubai"]
[Date "2006.04.24"]
[Round "2"]
[White "Anastasian, Ashot"]
[Black "Saud, Mohamed"]
[Result "1-0"]
[WhiteElo "2553"]
[BlackElo "2154"]
[PlyCount "49"]
[EventDate "2006.04.23"]
[EventType "swiss"]
[EventRounds "9"]
[EventCountry "UAE"]
[SourceTitle "EXT 2007"]
[Source "ChessBase"]
[SourceDate "2006.11.23"]
[SourceVersion "1"]
[SourceVersionDate "2006.11.23"]
[SourceQuality "1"]

1. d4 Nf6 2. c4 c5 3. d5 b5 4. cxb5 a6 5. bxa6 d6 6. Nc3 g6 7. e4 Bxa6 8. Bxa6 Nxa6 9. Nf3 Bg7 10. 0-0 0-0 11. Re1 Nd7 12. Bf4 Qb6 13. Rb1 Nc7 14. e5 dxe5 15. Nxe5 Nxe5 16. Bxe5 Bxe5 17. Rxe5 Qd6 18. Qe2 e6 19. dxe6 Nxe6 20. Re1 Nf4 21. Qe3 Qd4 22. Rxc5 Rfe8 23. Re5 Rxe5 24. Qxe5 Qd2 25. Nb1 1-0

[Event "Gibraltar Masters"]
[Site "Caleta"]
[Date "2005.02.02"]
[Round "9"]
[White "Pert, Richard G"]
[Black "Saud, Mohamed"]
[Result "1-0"]
[WhiteElo "2417"]
[BlackElo "2198"]
[PlyCount "81"]
[EventDate "2005.01.25"]
[EventType "swiss"]
[EventRounds "10"]
[EventCountry "GGB"]
[SourceTitle "CBM 104 Extra"]
[Source "ChessBase"]
[SourceDate "2005.03.01"]
[SourceVersion "1"]
[SourceVersionDate "2005.03.01"]
[SourceQuality "1"]

1. Nf3 c5 2. e4 g6 3. d4 Bg7 4. Nc3 cxd4 5. Nxd4 Nc6 6. Be3 Nf6 7. Bc4 0-0 8. Bb3 Qc7 9. 0-0 a6 10. Re1 b5 11. Nf3 Bb7 12. Bg5 Na5 13. e5 Nxb3 14. cxb3 b4 15. exf6 exf6 16. Bd2 bxc3 17. Bxc3 Rfe8 18. Qd3 Qc6 19. Rad1 Rxe1+ 20. Rxe1 Qd5 21. Qe2 Qe6 22. Qc4 Qf5 23. Nd2 Bd5 24. Qd4 Rc8 25. h4 h5 26. Nc4 Bxc4 27. bxc4 Qc5 28. Re8+ Kh7 29. Qxc5 Rxc5 30. Re7 Kg8 31. Re8+ Kh7 32. Re7 Kg8 33. b3 Rc7 34. Ba5 Rc5 35. Bb4 Rc7 36. Bd6 Rc6 37. Rxd7 f5 38. c5 Bd4 39. b4 Bc3 40. a3 Bb2 41. a4 1-0

[Event "Gibraltar Masters"]
[Site "Caleta"]
[Date "2005.01.25"]
[Round "1"]
[White "Cardenas Romo, Alejandro"]
[Black "Saud, Mohamed"]
[Result "1/2-1/2"]
[WhiteElo "1921"]
[BlackElo "2198"]
[PlyCount "84"]
[EventDate "2005.01.25"]
[EventType "swiss"]
[EventRounds "10"]
[EventCountry "GGB"]
[SourceTitle "CBM 104 Extra"]
[Source "ChessBase"]
[SourceDate "2005.03.01"]
[SourceVersion "1"]
[SourceVersionDate "2005.03.01"]
[SourceQuality "1"]

1. e4 c6 2. d4 d5 3. exd5 cxd5 4. c3 Nf6 5. Bd3 g6 6. Nf3 Bg7 7. 0-0 0-0 8. h3 Bf5 9. Bxf5 gxf5 10. Bf4 Nc6 11. Nbd2 e6 12. Ne5 Nxe5 13. Bxe5 Ne4 14. Bxg7 Kxg7 15. f3 Ng3 16. Re1 Qg5 17. Nf1 Nxf1 18. Rxf1 f4 19. Qe1 Rg8 20. h4 Qf6 21. Qe5 Qxe5 22. dxe5 Kg6 23. Kf2 Kf5 24. Rfe1 Rg6 25. Re2 Rag8 26. Rg1 Rh6 27. Rh1 Rh5 28. Rh3 Rg6 29. c4 dxc4 30. Re4 b5 31. Rd4 Kxe5 32. Rd7 a5 33. Rxf7 b4 34. Rc7 Kd4 35. Rh1 Kd3 36. Rc1 Re5 37. Rd7+ Rd5 38. Rc7 Kd2 39. R1xc4 Kd1 40. Rc1+ Kd2 41. R1c2+ Kd1 42. Rc1+ Kd2 1/2-1/2

[Event "Olympiad-35"]
[Site "Bled"]
[Date "2002.11.05"]
[Round "10.3"]
[White "Saud, Mohamed"]
[Black "Valiente, Cristobal"]
[Result "1/2-1/2"]
[WhiteElo "2199"]
[BlackElo "2330"]
[PlyCount "129"]
[EventDate "2002.10.26"]
[EventType "team-swiss"]
[EventRounds "14"]
[EventCountry "SLO"]
[SourceTitle "EXT 2003"]
[Source "ChessBase"]
[SourceDate "2002.11.25"]
[SourceVersion "1"]
[SourceVersionDate "2002.11.25"]
[SourceQuality "1"]
[WhiteTeam "United Arab Emirates"]
[BlackTeam "Paraguay"]
[WhiteTeamCountry "UAE"]
[BlackTeamCountry "PAR"]

1. d4 Nf6 2. Nf3 e6 3. e3 b6 4. Bd3 Bb7 5. 0-0 Be7 6. b3 0-0 7. Bb2 c5 8. c4 d6 9. Nc3 Nbd7 10. Qe2 Re8 11. Rad1 Bf8 12. Bb1 a6 13. dxc5 bxc5 14. Ng5 h6 15. f4 e5 16. fxe5 Nxe5 17. Nge4 Nxe4 18. Nxe4 Qc7 19. Qh5 Bc8 20. h3 Be6 21. Rf2 f5 22. Bxe5 dxe5 23. Ng3 Qf7 24. Qxf7+ Kxf7 25. Bxf5 Rad8 26. Rfd2 Rxd2 27. Rxd2 Bxf5 28. Nxf5 Ke6 29. e4 a5 30. a4 h5 31. Rd3 g6 32. Ne3 Bd6 33. Nd5 Rg8 34. Rf3 Be7 35. g4 hxg4 36. hxg4 Rh8 37. Kg2 Rh4 38. Kg3 Rh1 39. Nxe7 Kxe7 40. Rd3 Re1 41. Rd5 Rxe4 42. Rxc5 Re3+ 43. Kf2 Rxb3 44. Rxe5+ Kf6 45. Rxa5 Rb4 46. g5+ Ke6 47. c5 Kd5 48. Kf3 Rb3+ 49. Kf4 Rb4+ 50. Ke3 Rg4 51. Kd3 Rg3+ 52. Kc2 Kd4 53. Rb5 Ra3 54. a5 Kd5 55. Kb2 Ra4 56. Kb3 Ra1 57. Kb2 Ra4 58. Kc3 Kc6 59. Rb4 Rxa5 60. Kd4 Rxc5 61. Rc4 Rxc4+ 62. Kxc4 Kd6 63. Kd4 Ke6 64. Ke4 Kd6 65. Kd4 1/2-1/2

[Event "Olympiad-35"]
[Site "Bled"]
[Date "2002.10.26"]
[Round "1.4"]
[White "Saud, Mohamed"]
[Black "Arizmendi Martinez, Julen Luis"]
[Result "0-1"]
[WhiteElo "2199"]
[BlackElo "2510"]
[PlyCount "60"]
[EventDate "2002.10.26"]
[EventType "team-swiss"]
[EventRounds "14"]
[EventCountry "SLO"]
[SourceTitle "EXT 2003"]
[Source "ChessBase"]
[SourceDate "2002.11.25"]
[SourceVersion "1"]
[SourceVersionDate "2002.11.25"]
[SourceQuality "1"]
[WhiteTeam "United Arab Emirates"]
[BlackTeam "Spain"]
[WhiteTeamCountry "UAE"]
[BlackTeamCountry "ESP"]

1. d4 Nf6 2. Nf3 g6 3. c4 Bg7 4. Nc3 d6 5. Bf4 0-0 6. e3 c5 7. Be2 Nh5 8. Bg5 h6 9. Bh4 g5 10. Bg3 e6 11. Qc2 Nxg3 12. hxg3 g4 13. Nh4 cxd4 14. exd4 Nc6 15. Bxg4 Nxd4 16. Qd3 b5 17. cxb5 a6 18. Nf3 Nxb5 19. 0-0 Bb7 20. Rfd1 d5 21. Nxb5 axb5 22. Nd4 Qb6 23. Nxb5 Ra4 24. Be2 Ba6 25. Qb3 Qa5 26. Nc3 Rb4 27. Qc2 Rfb8 28. Bxa6 Qxa6 29. Rab1 d4 30. a3 Rc4 0-1